| 000 | 00543nam a22001817a 4500 | ||
|---|---|---|---|
| 005 | 20251108171849.0 | ||
| 008 | 250721s1974 xx 000 0 ara d | ||
| 082 | 1 | 4 | _aط/552/واي |
| 100 | 1 | _aوايت، ألان | |
| 245 | 1 | 0 | _aالصخور و المعادن / |
| 264 | 1 |
_aبيروت : _bمكتبة لبنان، _c1974. |
|
| 300 | _a50ص : مص | ||
| 490 | 0 | _aسلسلة ليدبيرد : الطبيعة ؛ 1 | |
| 650 | 1 | 7 | _aالصخور |
| 700 | 1 |
_aجويجاتي، سعد الله _eترجمة |
|
| 942 |
_2ddc _cBK |
||
| 999 |
_c64582 _d64582 |
||